Teoria y problemas de publicidad / Herbert F. Holtje (Registro nro. 19696)
[ vista simple ]
| 000 -LÍDER | |
|---|---|
| fixed length control field | 00399nam a2200145 4500 |
| 008 - ELEMENTOS DE LONGITUD FIJA -- INFORMACIÓN GENERAL | |
| fixed length control field | 0 1980 0an 000 0Mex |
| 020 ## - NÚMERO INTERNACIONAL NORMALIZADO PARA LIBROS | |
| ISBN | 968-451-019-5 |
| 050 ## - SIGNATURA TOPOGRAFICA DE LA BIBLIOTECA DEL CONGRESO (LC) | |
| Número de Clasificación | HM1226 H618 1980 |
| 082 ## - NUMERO DE CLASIFICACION DECIMAL DEWEY | |
| Número de Clasificación | 659.1 H843t |
| 100 ## - ASIENTO PRINCIPAL--NOMBRE PERSONAL | |
| Nombre personal | Holtje Hebert F. |
| 245 ## - TÍTULO | |
| Título | Teoria y problemas de publicidad / Herbert F. Holtje |
| 260 ## - PUBLICACIÓN, DISTRIBUCIÓN, ETC. (PIE DE IMPRENTA) | |
| Lugar de publicación, distribución, etc. | Mexico: McGrawhill |
| 300 ## - DESCRIPCIÓN FÍSICA | |
| Extensión | 181p, 27cm |
| 650 ## - ASIENTO SECUNDARIO DE MATERIA - TERMINO TEMÁTICO | |
| Término temático o nombre geográfico como elemento de entrada | 1. PUBLICIDAD |
| No. biblioteca | No. biblioteca | Número de clasificación | Código de barras/Número de adquisición | Número de copia | Tipo de material |
|---|---|---|---|---|---|
| LUIS G. INCLAN | LUIS G. INCLAN | 659.1 H843t | 7384 | 2 | Libros |
| LUIS G. INCLAN | LUIS G. INCLAN | 659.1 H843t | 20978 | 4 | Libros |
